000 01032nam a22002657a 4500
005 20240530110457.0
008 150420s2011 ua akd g b 000 0 ara d
017 _a2010/16412
_bمصر . دار الكتب المصرية
020 _a9772327872
040 _aEG-CaGPL
082 0 4 _221
_a371.394\
_bف ت
100 0 _aفوزى الشربينى
245 1 2 _aالتعلم الذاتى بالموديولات التعليمية /
_cفوزى الشربينى ، عفت الطناوى
250 _aط1
260 _aالقاهرة :
_bعالم الكتب ،
_c2011.
300 _a279 ص :
_bايض ؛
_c24 سم
504 _aيشتمل على ارجاعات ببليوجرافية
650 0 4 _aالتعليم
_xوسائل سمعية و بصرية
650 0 4 _aالتعليم الذاتى
650 0 4 _aالتخطيط التربوى
650 0 4 _aالتعليم
_xاغراضة و اهدافة
700 1 _aعفت الطناوى
_eمؤلف مشارك
942 _2ddc
_cBK
999 _c61388
_d61388